LEADER 01250nam--2200349---450- 001 990003416540203316 005 20100623091920.0 010 $a88-14-14467-2 035 $a000341654 035 $aUSA01000341654 035 $a(ALEPH)000341654USA01 035 $a000341654 100 $a20100623d2008----km-y0itay50------ba 101 $aita 102 $aIT 105 $a||||||||001yy 200 1 $aRegioni e attività produttive$e5. rapporto sulla legislazione e sulla spesa: 2005-2007$eil punto sulle materie 210 $aMilano$cGiuffrè$d2008 215 $aXIV, 324 p.$d24 cm 225 2 $aQuaderni per la ricerca$fIstituto di studi sui sistemi regionali federali e sulle autonomie Massimo Severo Giannini$v5 410 0$aQuaderni per la ricerca$fIstituto di studi sui sistemi regionali federali e sulle autonomie Massimo Severo Giannini$12001$v5 606 0 $aRegioni$xRegolamenti$2BNCF 676 $a342.4509 801 0$aIT$bsalbc$gISBD 912 $a990003416540203316 951 $aXXIV.2.H. 114$b63354 G.$cXXIV.2.H.$d00259709 959 $aBK 969 $aGIU 979 $aIANNONE$b90$c20100623$lUSA01$h0919 979 $aCHIARA$b90$c20110520$lUSA01$h1318 996 $aRegioni e attività produttive$9679548 997 $aUNISA LEADER 01102nam a2200289 i 4500 001 991003275869707536 008 160912s2015 it b 000 0 ita d 020 $a9788834849705 020 $a8834849701 035 $ab14307376-39ule_inst 040 $aDip.to Studi Giuridici$bita 082 04$a342.455 245 00$aLineamenti di diritto costituzionale della Regione Toscana /$ca cura di Paolo Carrozza, Roberto Romboli, Emanuele Rossi 260 $aTorino :$bGiappichelli,$cc2015 300 $axii, 458 p.$c24 cm 440 0$aDiritto costituzionale regionale ;$v8 650 04$aDiritto costituzionale 651 4$aToscana$xDiritto costituzionale 700 1 $aCarrozza, Paolo 700 1 $aRomboli, Roberto 700 1 $aRossi, Emanuele 907 $a.b14307376$b25-11-16$c12-09-16 912 $a991003275869707536 945 $aLE027 342.45 CAR16.01$g1$i2027000335633$lle027$og$pE45.00$q-$rl$s- $t0$u0$v0$w0$x0$y.i15780910$z14-09-16 996 $aLineamenti di diritto costituzionale della Regione Toscana$91383343 997 $aUNISALENTO 998 $ale027$b12-09-16$cm$da $e-$fita$git $h0$i0